000 00622nam a2200193Ii 4500
003 JO-AjNU
008 230605s9999||||xx |||||||||||||| ||und||
040 _aJO-AjNU
_bara
_erda
_cJO-AjNU
041 _aara
050 1 4 _aKRM3570
100 3 _aإبراهيم، جلال محمد,
_eauthor
_944745
245 0 0 _aالنظرية العامة للإلتزام : أحكام الإلتزام
264 3 1 _aد،م : د،ن ،1900
300 _a492ص
336 _atext
_btxt
_2rdacontent
337 _aunmediated
_bn
_2rdamedia
338 _avolume
_bnc
_2rdacarrier
650 4 _aاحكام اللتزام -- قانون
_944746
999 _aA19344
_c22912
_d22912